000 00660 a2200229 4500
001 61436
005 20260407155905.0
008 260407a1972 arg spa d
003 AR-UNSa-BCEJYS
040 _aAR-UNSa-BCEJYS
_bspa
_cAR-UNSa-BCEJYS
080 _a347.4
_xObligaciones. Contratos. Acuerdos. Convenios
245 1 0 _aCompendio de derecho civil
_pObligaciones
250 _a2a. ed.
264 1 _aBuenos Aires :
_bPerrot
_c1972
300 _a709 p.
_c22 cm.
041 _aspa
942 _cBK
590 _aniveau_biblio:m niveau_hierar:0
100 1 _aLlambías, Jorge Joaquín
700 1 _aBenegas, Patricio Raffo
700 1 _aSassot, Rafael A.
999 _c7316
_d7316